Khảo sát khả năng hấp thu kháng sinh Entrofloxacin, Florfenicol và Doxycycline khi sử dụng cho gà thịt : Luân văn Thạc sĩ Khoa học Nông nghiệp. Chuyên ngành Thú y

Đề tài được tiến hành để khảo sát khả năng hấp thụ kháng sinh trên gà thịt thông qua một số thông số dược động học: nồng độ tối đa trong huyết tương, thời gian để đạt nông độ thuốc tối đa trong huyết tương và thời gian bán thải của...

Volledige beschrijving

Bewaard in:
Bibliografische gegevens
Hoofdauteur: Đinh, Thiện Triền
Formaat: Boek
Taal:Undetermined
Gepubliceerd in: Cần Thơ Trường Đại học Cần Thơ 2014
Onderwerpen:
Tags: Voeg label toe
Geen labels, Wees de eerste die dit record labelt!
Thư viện lưu trữ: Trung tâm Học liệu Trường Đại học Cần Thơ
LEADER 01341nam a2200217Ia 4500
001 CTU_198689
008 210402s9999 xx 000 0 und d
082 |a 636.513 
082 |b Tr305 
088 |a 60640101 
100 |a Đinh, Thiện Triền 
245 0 |a Khảo sát khả năng hấp thu kháng sinh Entrofloxacin, Florfenicol và Doxycycline khi sử dụng cho gà thịt : 
245 0 |b Luân văn Thạc sĩ Khoa học Nông nghiệp. Chuyên ngành Thú y 
245 0 |c Đinh Thiện Triền ; Nguyễn Đức Hiền (Người hướng dẫn) 
260 |a Cần Thơ 
260 |b Trường Đại học Cần Thơ 
260 |c 2014 
520 |a Đề tài được tiến hành để khảo sát khả năng hấp thụ kháng sinh trên gà thịt thông qua một số thông số dược động học: nồng độ tối đa trong huyết tương, thời gian để đạt nông độ thuốc tối đa trong huyết tương và thời gian bán thải của các loại kháng sinh trong thí nghiệm dưới dạng thành phẩm. 
650 |a Nuôi gà,Chicken breeds 
904 |i Nguyễn Hoàng Lộc ( Thầy Hải ) 
980 |a Trung tâm Học liệu Trường Đại học Cần Thơ